Lexicologie : Sémantique, morphologie et lexicographie (notice n° 2129175)
[ vue normale ]
| 000 -LEADER | |
|---|---|
| fixed length control field | 00945cam a2200145 4500500 |
| 005 - DATE AND TIME OF LATEST TRANSACTION | |
| control field | 20260405022042.0 |
| 041 ## - LANGUAGE CODE | |
| Language code of text/sound track or separate title | fre |
| 042 ## - AUTHENTICATION CODE | |
| Authentication code | dc |
| 100 10 - MAIN ENTRY--PERSONAL NAME | |
| Personal name | Lehmann, Alise |
| Relator term | author |
| 245 00 - TITLE STATEMENT | |
| Title | Lexicologie : Sémantique, morphologie et lexicographie |
| 260 ## - PUBLICATION, DISTRIBUTION, ETC. | |
| Name of publisher, distributor, etc. | Armand Colin,<br/> |
| Date of publication, distribution, etc. | 2018.<br/> |
| 520 ## - SUMMARY, ETC. | |
| Summary, etc. | Cet ouvrage est une introduction méthodique à la lexicologie. Les deux premières parties décrivent l’organisation du lexique sur les deux plans du sens et de la forme (sémantique et morphologie). Les notions présentées sont mises en perspective théorique et illustrées par de nombreux exemples et exercices corrigés. La troisième partie présente les éléments de la lexicographie, étude des dictionnaires, avec des exemples tirés des principaux dictionnaires français. |
| 700 10 - ADDED ENTRY--PERSONAL NAME | |
| Personal name | Martin-Berthet, Françoise |
| Relator term | author |
| 856 41 - ELECTRONIC LOCATION AND ACCESS | |
| Uniform Resource Identifier | <a href="https://shs.cairn.info/lexicologie--9782200622374?lang=fr&redirect-ssocas=7080">https://shs.cairn.info/lexicologie--9782200622374?lang=fr&redirect-ssocas=7080</a> |
Pas d'exemplaire disponible.




Réseaux sociaux